<?xml version="1.0" encoding="UTF-8"?>
<record
    xmlns:xsi="http://www.w3.org/2001/XMLSchema-instance"
    xsi:schemaLocation="http://www.loc.gov/MARC21/slim http://www.loc.gov/standards/marcxml/schema/MARC21slim.xsd"
    xmlns="http://www.loc.gov/MARC21/slim">

  <leader>00427nam a2200133   4500</leader>
  <datafield tag="999" ind1=" " ind2=" ">
    <subfield code="c">7000</subfield>
    <subfield code="d">7000</subfield>
  </datafield>
  <controlfield tag="008">151001b        xxu||||| |||| 00| 0 eng d</controlfield>
  <datafield tag="020" ind1=" " ind2=" ">
    <subfield code="a">9789966469007</subfield>
  </datafield>
  <datafield tag="050" ind1=" " ind2=" ">
    <subfield code="a">AFR PR 9368 .A2M5 1963</subfield>
  </datafield>
  <datafield tag="100" ind1=" " ind2=" ">
    <subfield code="a">Abrahams, Peter,</subfield>
    <subfield code="d">1963.</subfield>
  </datafield>
  <datafield tag="245" ind1=" " ind2=" ">
    <subfield code="a">Mine Boy.</subfield>
    <subfield code="c">Peter Abrahams.</subfield>
  </datafield>
  <datafield tag="260" ind1=" " ind2=" ">
    <subfield code="a">Nairobi:</subfield>
    <subfield code="b">East African publishers,</subfield>
    <subfield code="c">1963.</subfield>
  </datafield>
  <datafield tag="300" ind1=" " ind2=" ">
    <subfield code="a">184 p.: ill.</subfield>
  </datafield>
  <datafield tag="942" ind1=" " ind2=" ">
    <subfield code="2">lcc</subfield>
    <subfield code="c">BOOKS</subfield>
    <subfield code="h">AFR PR 9368 .A2M5 1963</subfield>
    <subfield code="0">7</subfield>
  </datafield>
  <datafield tag="952" ind1=" " ind2=" ">
    <subfield code="0">0</subfield>
    <subfield code="1">0</subfield>
    <subfield code="2">lcc</subfield>
    <subfield code="4">0</subfield>
    <subfield code="7">0</subfield>
    <subfield code="a">MUC</subfield>
    <subfield code="b">MUC</subfield>
    <subfield code="d">2015-10-01</subfield>
    <subfield code="e">Donation(B.F.A)</subfield>
    <subfield code="l">4</subfield>
    <subfield code="o">AFR PR 9368 .A2M5 1963</subfield>
    <subfield code="p">12920</subfield>
    <subfield code="r">2019-06-05</subfield>
    <subfield code="s">2018-01-16</subfield>
    <subfield code="w">2015-10-01</subfield>
    <subfield code="y">BOOKS</subfield>
  </datafield>
  <datafield tag="952" ind1=" " ind2=" ">
    <subfield code="0">0</subfield>
    <subfield code="1">0</subfield>
    <subfield code="2">lcc</subfield>
    <subfield code="4">0</subfield>
    <subfield code="7">0</subfield>
    <subfield code="a">MUC</subfield>
    <subfield code="b">MUC</subfield>
    <subfield code="d">2015-10-01</subfield>
    <subfield code="e">Donation(B.F.A)</subfield>
    <subfield code="l">1</subfield>
    <subfield code="o">PR 9368 .A2M5 1963</subfield>
    <subfield code="p">12919</subfield>
    <subfield code="r">2018-02-06</subfield>
    <subfield code="s">2018-02-06</subfield>
    <subfield code="w">2015-10-01</subfield>
    <subfield code="y">BOOKS</subfield>
  </datafield>
  <datafield tag="952" ind1=" " ind2=" ">
    <subfield code="0">0</subfield>
    <subfield code="1">0</subfield>
    <subfield code="2">lcc</subfield>
    <subfield code="4">0</subfield>
    <subfield code="7">0</subfield>
    <subfield code="a">MUC</subfield>
    <subfield code="b">MUC</subfield>
    <subfield code="c">AFR</subfield>
    <subfield code="d">2017-12-05</subfield>
    <subfield code="e">PURCHASE (TEXTBOOK)</subfield>
    <subfield code="g">493.00</subfield>
    <subfield code="l">2</subfield>
    <subfield code="o">AFR PR 9368 .A2M5 2017</subfield>
    <subfield code="p">37480</subfield>
    <subfield code="r">2018-03-22</subfield>
    <subfield code="s">2018-03-22</subfield>
    <subfield code="w">2017-12-05</subfield>
    <subfield code="y">AFRICANA</subfield>
  </datafield>
  <datafield tag="952" ind1=" " ind2=" ">
    <subfield code="0">0</subfield>
    <subfield code="1">0</subfield>
    <subfield code="2">lcc</subfield>
    <subfield code="4">0</subfield>
    <subfield code="7">0</subfield>
    <subfield code="a">MUC</subfield>
    <subfield code="b">MUC</subfield>
    <subfield code="c">AFR</subfield>
    <subfield code="d">2017-12-05</subfield>
    <subfield code="e">PURCHASE (TEXTBOOK)</subfield>
    <subfield code="g">493.00</subfield>
    <subfield code="l">0</subfield>
    <subfield code="o">AFR PR 9368 .A2M5 2017</subfield>
    <subfield code="p">37481</subfield>
    <subfield code="r">2017-12-05</subfield>
    <subfield code="w">2017-12-05</subfield>
    <subfield code="y">AFRICANA</subfield>
  </datafield>
  <datafield tag="952" ind1=" " ind2=" ">
    <subfield code="0">0</subfield>
    <subfield code="1">0</subfield>
    <subfield code="2">lcc</subfield>
    <subfield code="4">0</subfield>
    <subfield code="7">0</subfield>
    <subfield code="a">MUC</subfield>
    <subfield code="b">MUC</subfield>
    <subfield code="c">AFR</subfield>
    <subfield code="d">2017-12-05</subfield>
    <subfield code="e">PURCHASE (TEXTBOOK)</subfield>
    <subfield code="g">493.00</subfield>
    <subfield code="l">1</subfield>
    <subfield code="o">AFR PR 9368 .A2M5 2017</subfield>
    <subfield code="p">37479</subfield>
    <subfield code="r">2025-04-15</subfield>
    <subfield code="s">2025-04-15</subfield>
    <subfield code="w">2017-12-05</subfield>
    <subfield code="y">BOOKS</subfield>
  </datafield>
</record>
